| 000 | 00470cam0a220018100 4500 | ||
|---|---|---|---|
| 001 | tmp15848963 | ||
| 003 | UPRA | ||
| 005 | 20190815134310.0 | ||
| 008 | 951107s1977 xx eng u | ||
| 035 | _a(Sirsi) r36335 | ||
| 035 | _a(UPRA)tmp15848963 | ||
| 040 | _cUPRA | ||
| 100 | 1 |
_aSchlesinger, George. _6A98776.1 |
|
| 245 | 1 | 0 | _aReligion and scientific method. |
| 260 | _c1977. | ||
| 949 |
_aBL200 _wlcc _i33729000375704 _mMAIN _p2500 _tBOOK _lON-SHELF |
||
| 004 | 36335 | ||
| 999 |
_c77203 _d77203 |
||